00825naa a2200169 i 45000010005000000030009000050050017000140080041000310400029000720410008001011000119001092450125002285460019003537730255003729420013006279990015006409073KOSZ 00520180320105427.0071012s2008 pl |000 0 pol  aKOSZ 005/HRcKOSZ 005/HR0 apol1 aZAWADZKA, Danuta.d2007-2011.bPolitechnika Koszalińska - Instytut Ekonomii i Zarządzania,cZakład Finansów10aKredyt kupiecki w teoriach struktury kapitału w warunkach funkcjonowania małego przedsiębiorstwa /cDanuta Zawadzka. aStreszcz. ang.0 iW:tZarządzanie finansami firm - teoria i praktyka / red. nauk. Bogumił Bernaś. -dWrocław : Wydaw. Akademii Ekonomicznej im. Oskara Langego, 2008. -gs. 638-644.kPrace Naukowe Akademii Ekonomicznej im. Oskara Langego we Wrocławiu ; nr 1200. 2UKDcROZ c9073d9073